LEADER 02552nam 2200601 a 450 001 9910461626003321 005 20200520144314.0 010 $a1-283-53018-X 010 $a9786613842633 010 $a0-7735-8098-0 035 $a(CKB)2670000000148875 035 $a(SSID)ssj0000689518 035 $a(PQKBManifestationID)11450400 035 $a(PQKBTitleCode)TC0000689518 035 $a(PQKBWorkID)10620082 035 $a(PQKB)11107181 035 $a(MiAaPQ)EBC3332293 035 $a(CEL)435940 035 $a(OCoLC)767670726 035 $a(CaBNVSL)slc00230176 035 $a(Au-PeEL)EBL3332293 035 $a(CaPaEBR)ebr10577877 035 $a(CaONFJC)MIL384263 035 $a(OCoLC)923236532 035 $a(EXLCZ)992670000000148875 100 $a19910212d1990 uy 0 101 0 $aeng 135 $aurcn||||||||| 181 $ctxt 182 $cc 183 $acr 200 10$aGlobal regimes and nation-states$b[electronic resource] $eenvironmental issues in Australian politics /$fRobert Boardman 210 $aOttawa, Canada $cCarleton University Press$d1990 215 $axiv, 222 p 225 1 $aCarleton public policy series ;$v#4 311 $a0-88629-109-7 320 $aIncludes bibliographical references (p. 207-211) and index. 327 $a1. Introduction: Global Arrangements and the Australian Polity -- I. Australia and International Environmental Order -- 2. International Institutions: The Environment and Foreign Policy -- 3. The Politics of Conservation: Wildlife, Ecosystems and Heritage -- 4. The International Regulation of Pollution -- 5. Australia, Antarctica and the Southern Ocean -- II. Charting the Policy Process -- 6. Institution-building and Cooperative Federalism -- 7. Federal-state Diplomacy and International Institutions -- 8. The Management of International Conventions -- 9. Domestic Contexts: Environmental Constituencies in Australian Politics -- III. The Politics of Regimes --10. Australia and the Global Environment, 1965-1985. 410 0$aCarleton public policy series ;$v#4. 606 $aEnvironmental policy$zAustralia 606 $aEnvironmental protection$zAustralia 608 $aElectronic books. 615 0$aEnvironmental policy 615 0$aEnvironmental protection 676 $a363.7/056/0994 700 $aBoardman$b Robert$f1945-$0544806 801 0$bMiAaPQ 801 1$bMiAaPQ 801 2$bMiAaPQ 906 $aBOOK 912 $a9910461626003321 996 $aGlobal regimes and nation-states$91974072 997 $aUNINA LEADER 03724oam 2200589 c 450 001 9910563198303321 005 20240922213735.0 024 7 $a10.3726/b13724 035 $a(CKB)5450000000173987 035 $a(oapen)https://directory.doabooks.org/handle/20.500.12854/28128 035 $a(PH02)9783631751688 035 $a(MiAaPQ)EBC31203725 035 $a(oapen)doab28128 035 $a(Au-PeEL)EBL31203725 035 $a(OCoLC)1455753779 035 $a(EXLCZ)995450000000173987 100 $a20240525h20181990 uy 0 101 0 $ager 135 $aurnnunnnannuu 181 $ctxt$2rdacontent 182 $cc$2rdamedia 183 $acr$2rdacarrier 200 00$aAnreizwirkungen der sozialen Alterssicherung$eEine dynamische Simulationsanalyse$fGrete Albers, Bernd Raffelhu?schen 205 $a1st, New ed. 210 $aFrankfurt a.M$cPH02$d2018 210 $d2018, c1990 215 $a1 online resource (280 p.)$c, EPDF 225 0 $aFinanzwissenschaftliche Schriften$v40 300 $aPeter Lang GmbH, Internationaler Verlag der Wissenschaften 311 08$a3-631-75168-0 327 $aAus dem Inhalt: Die Bevo?lkerungsentwicklung in der Bundesrepublik - Organisationsprinzipien der Alterssicherung - Anreizwirkungen der sozialen Sicherung auf Kapitalbildung, Arbeitsangebot und intergenerative Transfers - Numerische Simulation der Reform des Alterssicherungssystems im disaggregierten Generationenmodell. 330 $aDie vorliegende Arbeit analysiert die Anreizwirkungen des Umlage- und des Kapitaldeckungsverfahrens auf Ersparnisbildung, Arbeitsangebot und intergenerative Transfers in einem mikroo?konomisch fundierten, disaggregierten Generationenmodell unter besonderer Beru?cksichtigung dynamischer U?bergangsaspekte. Dabei zeigt sich, daß die aus der partiellen Ablo?sung des umlagefinanzierten Sozialversicherungssystems resultierende Sta?rkung der gesamtwirtschaftlichen Kapitalbildung und die Erho?hung des gesamtwirtschaftlichen Arbeitsangebotes einen wichtigen Beitrag zur Lo?sung der zu erwartenden, demo-graphisch bedingten Verteilungskonflikte leisten ko?nnten. Zu fordern wa?re jedoch ein rasches und gezieltes wirtschafts- und sozialpolitisches Handeln. 330 1 $a«Nicht zuletzt aufgrund der schwierigen mathematischen Handhabbarkeit von Anpassungs- und U?bergangsprozessen fehlte es bis dato an fundierten modelltheoretischen Analysen zu diesem U?bergangsproblem. Raffelhu?schens Simulation vermag diese betra?chtliche Lu?cke zu schließen. ... Es spricht fu?r die ausgesprochen hohe Qualita?t dieser Dissertation, daß sowohl selten aus prima?r modelltheoretischen U?berlegungen heraus so klare wirtschaftspolitische Empfehlungen gegeben werden konnten. ... Aufgrund der mustergu?ltigen Verbindung von Wissenschaft und Praxis bleibt zu hoffen, daß diese Arbeit einen breiten Leserkreis finden wird; mit Gewinn lesen wird sie sowohl der Theoretiker als auch der Wirtschaftspolitiker.» (Jochen Michaelis, Kredit und Kapital) «...ein wichtiger Beitrag zur Analyse von Alterssicherungssystemen.» (Aloys Prinz, Finanz Archiv) 606 $aWelfare economics$2bicssc 610 $aAlterssicherung 610 $aAnreizwirkungen 610 $adynamische 610 $aEine 610 $aRaffelhüschen 610 $aSimulationsanalyse 610 $asozialen 610 $aSYSTEMS 615 7$aWelfare economics 700 $aRaffelhüschen$b Bernd$4auth$01290011 702 $aAlbers$b Grete$4edt 702 $aRaffelhu?schen$b Bernd$4aut 801 0$bPH02 801 1$bPH02 906 $aBOOK 912 $a9910563198303321 996 $aAnreizwirkungen der sozialen Alterssicherung$93021294 997 $aUNINA